000 00837cam a2200241 4500
008 000000n2001 000 0 eng u
020 _a011271109X
035 _a(Sirsi) u112622
050 _a725.54
110 _aDepartment for Education and Employment
_92846
245 _aInclusive school design, accommodating pupils with special educational needs and disabilities in mainstream schools.
260 _aLondon
_bStationery Office
_c2001
300 _a101p.
_bill.
_c30cm.
350 _a19.95
490 _aDfEE Building Bulletin
_v94
650 _aDISABLED PEOPLE
650 _aMANAGEMENT-BUSINESS MANAGEMENT-DISCRIMINATION-DISABILITY DISCRIMINATION-ACCESSIBILITY
650 _aSCHOOL BUILDINGS
650 _aEDUCATIONAL BUILDINGS
650 _aCHILDREN
690 _aBUILT ENVIRONMENT-CONSTRUCTION DESIGN
942 _n0
999 _c101450
_d101450